000 02012nam a2200217Ia 4500
008 220216s9999 xx 000 0 und d
100 _aAnnamalainathan K
245 0 _aSeasonal changes in xylem sap flow rate in mature rubber plants
260 _bJournal of Plantation Crops
_c2013
300 _a343-349
520 _aThe rate of flow of xylem sap of mature rubber tree was recorded round the clock continuously for two years using a Granier type thermal dissipation probe (TDP). The measurements were made on 19 year old trees of the clones, RRII 5 and PR 255 with a mean girth of 78 and 82 cm, respectively at 150 cm above bud union. Overall, the average rate of water mining by a tree was to the tune of 22+_ 3 L day-1. The diurnal and seasonal differences in the sap flow rate were very evident which responded to the ambient weather conditions such as intensity of sunlight, temperature, rainfall etc. In the morning hours, as the sunlight intensity increased there was a corresponding sharp increase in sap flow rate which attained maximum level around mid-day. In the evening, as the light intensity declined, the sap flow rate also declined. The maximum rate of sap flow per day was recorded in December and the minimum in February coinciding with complete defoliation of the canopy. Taking a mean water consumption of 22 L tree-1 day-1 and assuming there are 400 trees ha-1, the water consumption works out to be in the range of 1-2 mm day-1. This is significantly lesser than the potential evapo-transpiration (ET) of an open field in this traditional region. Taking the long-term average rain fall in the region (3000 mm year-1), it can be seen that the water loss due to transpiration (T) by the trees amounted only to 11 per cent of the annual rainfall.
650 _aHevea brasiliensis
650 _aSunlight intensity
650 _aWater use
650 _aXylem sap flow
700 _aAlam B
700 _aJacob J
700 _aJoseph Joby
700 _aSatheesh P R
942 _cJS
999 _c68488
_d68488